[Event "Tradewise Gibraltar ChallWk2"]
[Site "Gibraltar"]
[Date "2018.01.27"]
[Round "1.35"]
[White "Havik, Victor"]
[Black "De Vega Fernandez, Francisco J"]
[Result "1-0"]
[WhiteElo "2063"]
[BlackElo "1784"]
[PlyCount "73"]
[EventDate "2018.01.27"]
[EventType "swiss"]
[EventRounds "5"]
[EventCountry "GGB"]

1. d4 Nf6 2. c4 g6 3. Nc3 Bg7 4. e4 d6 5. Nf3 O-O 6. Be2 Na6 7. O-O e5 8. d5
Nc5 9. Qc2 a5 10. Bg5 h6 11. Be3 b6 12. Nd2 Bd7 13. b3 Ne8 14. a3 f5 15. f3 f4
16. Bf2 h5 17. b4 Nb7 18. Rfc1 g5 19. c5 axb4 20. axb4 Rxa1 21. Rxa1 bxc5 22.
bxc5 Nxc5 23. Bxc5 dxc5 24. Nb3 c4 25. Bxc4 Nd6 26. Na4 Bxa4 27. Rxa4 Qb8 28.
Bf1 Qb6+ 29. Kh1 Rb8 30. Nc5 Qb1 31. Qxb1 Rxb1 32. Kg1 Rc1 33. Ne6 g4 34. Ra7
Nb5 35. Rb7 Nd4 36. Rxc7 g3 37. Rc8+ {Rc7 is the score recorded (evidently a
mistake, probably near the end)} 1-0

[Event "Tradewise Gibraltar ChallWk2"]
[Site "Gibraltar"]
[Date "2018.01.27"]
[Round "1.36"]
[White "Livesey, R Nigel"]
[Black "Schweitzer, Werner"]
[Result "0-1"]
[WhiteElo "1750"]
[BlackElo "2060"]
[PlyCount "51"]
[EventDate "2018.01.27"]
[EventType "swiss"]
[EventRounds "5"]
[EventCountry "GGB"]

1. c4 c6 2. Nf3 d5 3. Qc2 Nf6 4. g3 g6 5. Bg2 Bg7 6. O-O O-O 7. d3 Na6 8. Bf4
dxc4 9. Qxc4 Be6 10. Qc2 Nd5 11. Be5 f6 12. Bc3 Nxc3 13. Nxc3 Bf7 14. a3 e5 15.
b4 Nc7 16. Rac1 a5 17. Nd2 axb4 18. axb4 Ne6 19. Rb1 Nd4 20. Qc1 f5 21. e3 Nb5
22. Nxb5 cxb5 23. Nb3 Rc8 24. Qd2 b6 25. Rbc1 Bxb3 26. Rb1 0-1

[Event "Tradewise Gibraltar ChallWk2"]
[Site "Gibraltar"]
[Date "2018.01.27"]
[Round "1.37"]
[White "Bryn, Askild"]
[Black "Khoo-Thwe, Louis"]
[Result "0-1"]
[WhiteElo "2057"]
[BlackElo "1724"]
[PlyCount "78"]
[EventDate "2018.01.27"]
[EventType "swiss"]
[EventRounds "5"]
[EventCountry "GGB"]

1. e4 e5 2. Nf3 Nc6 3. Bc4 Bc5 4. O-O Nf6 5. d3 O-O 6. c3 d6 7. b4 Bb6 8. Bg5
h6 9. Bh4 Bg4 10. h3 Bh5 11. Nbd2 g5 12. Bxg5 hxg5 13. g4 Bg6 14. Nxg5 Kg7 15.
Kg2 Rh8 16. Qf3 Qe7 17. Rh1 Nh7 18. Nxh7 Rxh7 19. Raf1 Rg8 20. Qg3 Qh4 21. Qh2
f5 22. Bxg8 Kxg8 23. Nf3 Qf6 24. exf5 Bxf5 25. Ne1 Qg6 26. Qg3 Be6 27. a4 Bd5+
28. f3 Be3 29. b5 Nd8 30. c4 Bf7 31. f4 Bxf4 32. Rxf4 exf4 33. Qxf4 Ne6 34. Qe3
b6 35. Nf3 Qxd3 36. Qxd3 Nf4+ 37. Kg3 Nxd3 38. Ng5 Rg7 39. h4 Bxc4 0-1

[Event "Tradewise Gibraltar ChallWk2"]
[Site "Gibraltar"]
[Date "2018.01.28"]
[Round "2.1"]
[White "Jordan Martinez, David"]
[Black "Saber, Yasser"]
[Result "0-1"]
[WhiteElo "2095"]
[BlackElo "2244"]
[PlyCount "66"]
[EventDate "2018.01.27"]
[EventType "swiss"]
[EventRounds "5"]
[EventCountry "GGB"]

1. e4 d6 2. d4 Nf6 3. Nc3 g6 4. f4 Bg7 5. Nf3 O-O 6. e5 dxe5 7. fxe5 Nd5 8. Bc4
Nb6 9. Bb3 Bg4 10. Ne4 Nc6 11. c3 Na5 12. Bc2 f6 13. exf6 exf6 14. O-O Re8 15.
Nc5 Nd5 16. h3 Bc8 17. Re1 b6 18. Ne4 c6 19. Bd3 Bf5 20. Bd2 Qc7 21. Qc1 Bxe4
22. Bxe4 Nc4 23. b3 Nxd2 24. Bxd5+ cxd5 25. Qxd2 Re4 26. c4 Rae8 27. cxd5 f5
28. Ng5 Bxd4+ 29. Qxd4 Rxe1+ 30. Rxe1 Rxe1+ 31. Kf2 Qe5 32. Qd2 Rb1 33. Qe3
Rf1+ 0-1

[Event "Tradewise Gibraltar ChallWk2"]
[Site "Gibraltar"]
[Date "2018.01.28"]
[Round "2.2"]
[White "Plotkin, Victor"]
[Black "Pabalan, Rocky"]
[Result "1-0"]
[WhiteElo "2242"]
[BlackElo "2098"]
[PlyCount "65"]
[EventDate "2018.01.27"]
[EventType "swiss"]
[EventRounds "5"]
[EventCountry "GGB"]

1. e4 b6 2. d4 Bb7 3. Nc3 e6 4. a3 d5 5. exd5 Bxd5 6. Nxd5 exd5 7. Nf3 Bd6 8.
Bd3 Ne7 9. O-O h6 10. Ne5 O-O 11. Qh5 c5 12. Bxh6 Bxe5 13. dxe5 g6 14. Qh3 c4
15. Bxf8 Qxf8 16. Be2 Nbc6 17. f4 Nf5 18. c3 Qc5+ 19. Rf2 Kg7 20. Bg4 Rh8 21.
Qf3 Ne3 22. Bh3 Ne7 23. Re1 N3f5 24. Bxf5 Nxf5 25. g4 Nh4 26. Qe3 Qc8 27. e6 f6
28. h3 Re8 29. e7 Qc7 30. Kf1 Qd6 31. Qe6 Qc5 32. g5 Nf5 33. gxf6+ 1-0

[Event "Tradewise Gibraltar ChallWk2"]
[Site "Gibraltar"]
[Date "2018.01.28"]
[Round "2.3"]
[White "Jordan Martinez, Miguel"]
[Black "Elishev, Ivan"]
[Result "0-1"]
[WhiteElo "2201"]
[BlackElo "2087"]
[PlyCount "62"]
[EventDate "2018.01.27"]
[EventType "swiss"]
[EventRounds "5"]
[EventCountry "GGB"]

1. e4 c5 2. b3 Nc6 3. Bb2 e5 4. f4 exf4 5. Nf3 d6 6. Bb5 Nge7 7. O-O Ng6 8. d4
Bd7 9. dxc5 dxc5 10. Nc3 Be7 11. Nd5 O-O 12. Qd2 a6 13. Bc4 Kh8 14. Nxf4 Bg4
15. Nxg6+ fxg6 16. Qc3 Bf6 17. e5 Be7 18. Rad1 Nd4 19. Rd2 Bxf3 20. gxf3 Rxf3
21. Bd3 Rxf1+ 22. Kxf1 Qd5 23. Rg2 Qf3+ 24. Kg1 Qd1+ 25. Bf1 Nf3+ 26. Kf2 Bh4+
27. Rg3 Nxh2 28. Kg2 Nxf1 29. e6 Bf6 30. Qxc5 Qe2+ 31. Kh3 Qh2+ 0-1

[Event "Tradewise Gibraltar ChallWk2"]
[Site "Gibraltar"]
[Date "2018.01.28"]
[Round "2.4"]
[White "Lung, Liviu-Catalin"]
[Black "Gonzalez Gonzalez, Alfonso"]
[Result "1-0"]
[WhiteElo "2085"]
[BlackElo "2192"]
[PlyCount "26"]
[EventDate "2018.01.27"]
[EventType "swiss"]
[EventRounds "5"]
[EventCountry "GGB"]

1. e4 c5 2. Nf3 a6 3. d4 cxd4 4. Nxd4 Nf6 5. Bd3 e5 6. Nb3 d5 7. exd5 Qxd5 8.
O-O Bd6 9. Nc3 Qc6 10. Bg5 Be6 11. Bxf6 gxf6 12. Be4 Qb6 13. Nd5 Be7 1-0

[Event "Tradewise Gibraltar ChallWk2"]
[Site "Gibraltar"]
[Date "2018.01.28"]
[Round "2.5"]
[White "Pinho, Paulo"]
[Black "Sanchez Carrasco, Fco. Javier"]
[Result "1-0"]
[WhiteElo "2186"]
[BlackElo "2068"]
[PlyCount "137"]
[EventDate "2018.01.27"]
[EventType "swiss"]
[EventRounds "5"]
[EventCountry "GGB"]

1. d4 Nf6 2. c4 d6 3. Nc3 Nbd7 4. e4 e5 5. Nf3 Be7 6. Be2 O-O 7. O-O c6 8. Re1
a6 9. h3 Qc7 10. Be3 Re8 11. Rc1 Bf8 12. Bd3 g6 13. b4 b6 14. a3 Bb7 15. Qb3
exd4 16. Bxd4 c5 17. Nd5 Bxd5 18. cxd5 Qd8 19. bxc5 bxc5 20. Bc3 Bg7 21. Nd2
Ne5 22. Bf1 Nh5 23. Qa4 Qg5 24. Bxe5 Qxe5 25. Nc4 Qf4 26. g3 Qg5 27. h4 Qe7 28.
Qc6 Rad8 29. Be2 Bd4 30. Bxh5 gxh5 31. Kg2 Kh8 32. Re2 Rg8 33. Rb1 Qxh4 34.
Nxd6 Rxd6 35. Qxd6 Qg4 36. f3 Qg5 37. Rb8 Be5 38. Rxg8+ Kxg8 39. f4 Qg4 40.
Qd8+ Kg7 41. Qg5+ Qxg5 42. fxg5 c4 43. Rc2 c3 44. Kf3 Kg6 45. d6 Bxd6 46. Rxc3
Kxg5 47. a4 a5 48. Rd3 Bb4 49. Rd5+ Kg6 50. Kg2 Be1 51. Kh3 Bb4 52. Rb5 Bc3 53.
Rc5 Bb4 54. Re5 Bc3 55. Re8 Bd2 56. Rg8+ Kf6 57. Kh4 Ke5 58. Re8+ Kd4 59. Kxh5
Kc4 60. Re7 Kb3 61. Rxf7 Kxa4 62. e5 Kb5 63. Rd7 Be1 64. e6 Kc6 65. Rd3 Bb4 66.
Kh6 Be7 67. Kxh7 a4 68. Kg6 a3 69. Rd2 1-0

[Event "Tradewise Gibraltar ChallWk2"]
[Site "Gibraltar"]
[Date "2018.01.28"]
[Round "2.6"]
[White "Ernst, Michael"]
[Black "Dasaolu, Rotimi"]
[Result "1/2-1/2"]
[WhiteElo "2176"]
[BlackElo "2064"]
[PlyCount "115"]
[EventDate "2018.01.27"]
[EventType "swiss"]
[EventRounds "5"]
[EventCountry "GGB"]

1. d4 Nf6 2. Bf4 d5 3. e3 Bg4 4. Nf3 e6 5. Nbd2 Bd6 6. Bg3 O-O 7. Be2 c5 8.
dxc5 Bxc5 9. O-O Nc6 10. c4 h6 11. Rc1 Bd6 12. cxd5 Nxd5 13. Qb3 Bxg3 14. hxg3
Qb6 15. Rfd1 Rfd8 16. Qxb6 Nxb6 17. Ne4 Rxd1+ 18. Rxd1 Nd5 19. Rc1 Kf8 20. Nc5
Nd8 21. Nd7+ Ke7 22. Nde5 Bf5 23. Nd2 f6 24. Nef3 Nb4 25. e4 Bg6 26. Rc7+ Kf8
27. a3 Nbc6 28. Bb5 Rb8 29. Kf1 a6 30. Bxc6 Nxc6 31. Ke2 Na7 32. Nd4 Bf7 33. e5
fxe5 34. N4f3 Bh5 35. Ke3 Nb5 36. Rd7 Be8 37. Nxe5 Na7 38. Ndc4 Nc6 39. Nxc6
bxc6 40. Ra7 c5 41. Rxa6 Rb3+ 42. Kf4 Bb5 43. Ra8+ Ke7 44. Ra7+ Kf6 45. Ne5 g5+
46. Ke4 Be8 47. Ng4+ Kg6 48. Ne5+ Kf6 49. Rc7 Rxb2 50. Rxc5 h5 51. Rc3 g4 52.
Nd3 Bg6+ 53. Ke3 Bxd3 54. Rxd3 Ra2 55. Rb3 Kf5 56. Rb5+ e5 57. Ra5 Rb2 58. Ra4
1/2-1/2

[Event "Tradewise Gibraltar ChallWk2"]
[Site "Gibraltar"]
[Date "2018.01.28"]
[Round "2.7"]
[White "Madina Yadarola, Martin"]
[Black "Havik, Victor"]
[Result "1/2-1/2"]
[WhiteElo "2167"]
[BlackElo "2063"]
[PlyCount "114"]
[EventDate "2018.01.27"]
[EventType "swiss"]
[EventRounds "5"]
[EventCountry "GGB"]

1. e4 e5 2. Nf3 Nc6 3. Bb5 a6 4. Ba4 Nf6 5. O-O Be7 6. Re1 b5 7. Bb3 d6 8. c3
O-O 9. h3 Nb8 10. d3 c5 11. Nbd2 Qc7 12. Nf1 Bb7 13. Ng3 g6 14. Bh6 Re8 15. Qe2
Nbd7 16. Rad1 Bf8 17. Bxf8 Nxf8 18. Nh2 h5 19. Nf3 Ne6 20. Bxe6 Rxe6 21. Qd2
Nh7 22. d4 exd4 23. cxd4 Rae8 24. d5 R6e7 25. Qh6 Qd8 26. Re3 Rd7 27. e5 h4 28.
e6 hxg3 29. exd7 gxf2+ 30. Kxf2 Rxe3 31. Qxe3 Qxd7 32. Qf4 Kg7 33. Nh2 f5 34.
Nf1 Nf6 35. Ne3 Qe7 36. Kg1 Nh5 37. Qf3 Qe5 38. g4 fxg4 39. hxg4 Nf4 40. Rd2
Bc8 41. Ng2 Nxg2 42. Rxg2 Qd4+ 43. Kh2 Qe5+ 44. Kh3 Qh5+ 45. Kg3 Qe5+ 46. Qf4
Qxd5 47. Rd2 Qh1 48. Qxd6 Qg1+ 49. Rg2 Qe1+ 50. Kh3 Qe3+ 51. Qg3 Qh6+ 52. Qh4
Qe3+ 53. Kh2 Qf4+ 54. Qg3 Qh6+ 55. Qh3 Qf4+ 56. Rg3 Bb7 57. Kg1 Qe4 1/2-1/2

[Event "Tradewise Gibraltar ChallWk2"]
[Site "Gibraltar"]
[Date "2018.01.28"]
[Round "2.8"]
[White "Pavlov, Egor"]
[Black "Schweitzer, Werner"]
[Result "1-0"]
[WhiteElo "2165"]
[BlackElo "2060"]
[PlyCount "35"]
[EventDate "2018.01.27"]
[EventType "swiss"]
[EventRounds "5"]
[EventCountry "GGB"]

1. d4 c6 2. c4 d5 3. Nf3 Nf6 4. e3 e6 5. Bd3 Bd6 6. O-O O-O 7. b3 Qe7 8. Bb2
Nbd7 9. Ne5 c5 10. Nd2 b6 11. Qf3 Bb7 12. Qh3 Rfe8 13. Nxd7 Qxd7 14. dxc5 Bxh2+
15. Kxh2 dxc4 16. Bxf6 Qxd3 17. Qg3 g6 18. Nxc4 1-0

[Event "Tradewise Gibraltar ChallWk2"]
[Site "Gibraltar"]
[Date "2018.01.28"]
[Round "2.9"]
[White "Kozarcanin, Sead"]
[Black "Sousa, Ludy Helsio Paulo"]
[Result "1/2-1/2"]
[WhiteElo "2048"]
[BlackElo "2153"]
[PlyCount "114"]
[EventDate "2018.01.27"]
[EventType "swiss"]
[EventRounds "5"]
[EventCountry "GGB"]

1. b3 e5 2. Bb2 Nc6 3. e3 d5 4. Bb5 Bd6 5. f4 f6 6. Ne2 Bg4 7. h3 Bh5 8. O-O
exf4 9. exf4 Nge7 10. Nbc3 a6 11. Bxc6+ bxc6 12. Qe1 O-O 13. Nd4 Bc5 14. Na4
Ba7 15. Kh1 Re8 16. Qe6+ Bf7 17. Qg4 Qd6 18. Rae1 h5 19. Qf3 c5 20. Ba3 Nc6 21.
Nxc6 Qxc6 22. c4 Rxe1 23. Rxe1 Re8 24. Rd1 Qe6 25. d3 Qe2 26. Qxe2 Rxe2 27.
Bxc5 Bxc5 28. Nxc5 Rxa2 29. Kg1 h4 30. Re1 dxc4 31. dxc4 Ra5 32. Ne6 Ra3 33.
Nc5 Kf8 34. Nd7+ Kg8 35. Nc5 Ra5 36. Ne6 c5 37. f5 g6 38. fxg6 Bxg6 39. Re3 Bc2
40. Kf2 Kh7 41. Kf3 Bd1+ 42. Ke4 Ra2 43. g3 hxg3 44. Rxg3 a5 45. Nxc5 Re2+ 46.
Kd5 f5 47. Ne6 Rb2 48. Rg5 Bxb3 49. Rxf5 Rc2 50. Nd4 Bxc4+ 51. Kc5 Rc1 52. Rf7+
Kg6 53. Ra7 a4 54. Kb4 Bf7 55. Rxa4 Rc4+ 56. Ka3 Rxa4+ 57. Kxa4 Kh5 1/2-1/2

[Event "Tradewise Gibraltar ChallWk2"]
[Site "Gibraltar"]
[Date "2018.01.28"]
[Round "2.10"]
[White "Tuerk, Philipp"]
[Black "Janiszewski, Maciej"]
[Result "0-1"]
[WhiteElo "2150"]
[BlackElo "2029"]
[PlyCount "36"]
[EventDate "2018.01.27"]
[EventType "swiss"]
[EventRounds "5"]
[EventCountry "GGB"]

1. e4 d5 2. Nc3 d4 3. Nce2 e5 4. Nf3 f6 5. Ng3 Be6 6. Bb5+ c6 7. Ba4 Nd7 8. O-O
Nc5 9. Bb3 Nxb3 10. axb3 d3 11. c3 Qb6 12. b4 c5 13. bxc5 Bxc5 14. b4 Bd6 15.
Qa4+ Kf7 16. Ne1 Ne7 17. b5 Rhc8 18. Nxd3 Bc4 0-1

[Event "Tradewise Gibraltar ChallWk2"]
[Site "Gibraltar"]
[Date "2018.01.28"]
[Round "2.11"]
[White "Villar Reymundo, Juan Antonio"]
[Black "Muskat, Gunter"]
[Result "1-0"]
[WhiteElo "2121"]
[BlackElo "2013"]
[PlyCount "133"]
[EventDate "2018.01.27"]
[EventType "swiss"]
[EventRounds "5"]
[EventCountry "GGB"]

1. d4 Nf6 2. c4 e6 3. g3 d5 4. Bg2 b6 5. cxd5 exd5 6. Nf3 Bb7 7. O-O Bd6 8. Nc3
O-O 9. Nb5 Be7 10. Bf4 Na6 11. Rc1 c6 12. Nc3 Rc8 13. Ne5 Nh5 14. Be3 f5 15. a3
Nf6 16. Bg5 Nb8 17. b4 a6 18. Qb3 Nbd7 19. Nd3 Kh8 20. f3 Ne8 21. Be3 Bf6 22.
Bf2 Nd6 23. e3 Nc4 24. Rc2 Re8 25. Re2 Bg5 26. Rfe1 Qc7 27. Qa2 Nf8 28. e4 fxe4
29. fxe4 Red8 30. a4 Ng6 31. Qc2 Na3 32. Qd1 Qd7 33. h4 Bf6 34. e5 Be7 35. Kh2
Qe8 36. Ra2 Nc4 37. Ne2 Ra8 38. h5 Nf8 39. Nef4 a5 40. bxa5 Rxa5 41. Ra1 Rda8
42. Re2 Ba3 43. e6 Rxa4 44. Bh3 Qe7 45. Ne5 Nxe5 46. Rxe5 b5 47. Rf5 Kg8 48.
Rf7 Qg5 49. Rxb7 Be7 50. Rxa4 Rxa4 51. Qg4 Qf6 52. Qf5 Ra2 53. Qxf6 Bxf6 54.
Kg1 Ra1+ 55. Kg2 g5 56. Nd3 Rd1 57. Bf5 Rd2 58. e7 Kf7 59. Bg6+ hxg6 60. hxg6+
Ke8 61. exf8=Q+ Kxf8 62. Rf7+ Kg8 63. Rxf6 Rxd3 64. Rxc6 b4 65. g4 b3 66. Rb6
Kg7 67. Bg3 1-0

[Event "Tradewise Gibraltar ChallWk2"]
[Site "Gibraltar"]
[Date "2018.01.28"]
[Round "2.12"]
[White "Lacrosse, Marc"]
[Black "Adewole, Adeyinka"]
[Result "1-0"]
[WhiteElo "2117"]
[BlackElo "2001"]
[PlyCount "131"]
[EventDate "2018.01.27"]
[EventType "swiss"]
[EventRounds "5"]
[EventCountry "GGB"]

1. d4 d5 2. c4 e6 3. Nc3 Nf6 4. Bg5 Be7 5. e3 a6 6. Nf3 O-O 7. Qc2 c6 8. Rc1
Nbd7 9. Bd3 Re8 10. O-O Nf8 11. Rfe1 N6d7 12. Bxe7 Rxe7 13. e4 dxe4 14. Nxe4 f5
15. Nc3 g6 16. Rcd1 Qa5 17. Qd2 Kg7 18. a3 h6 19. h4 Qc7 20. b4 e5 21. d5 Qd6
22. c5 Qf6 23. d6 Re8 24. Bc4 a5 25. g3 axb4 26. axb4 b6 27. Nd5 cxd5 28. Qxd5
Ne6 29. Qxa8 bxc5 30. bxc5 Nexc5 31. Bb5 Kf8 32. Bxd7 Nxd7 33. Rc1 Nb6 34. Qc6
Nd7 35. Qd5 Nb6 36. Qc5 Nd7 37. Qb5 e4 38. Rxc8 Rxc8 39. Qxd7 Rd8 40. Ne5 Kg8
41. Qe7 Rxd6 42. Qxf6 Rxf6 43. Rc1 Re6 44. Nc4 Rc6 45. Rc2 Kg7 46. Kf1 Kf6 47.
Ke2 h5 48. Ne3 Rxc2+ 49. Nxc2 g5 50. Ke3 gxh4 51. gxh4 Ke5 52. f4+ exf3 53.
Kxf3 f4 54. Ne1 Kf5 55. Ng2 Kg6 56. Nxf4+ Kh6 57. Ke4 Kh7 58. Ke5 Kh6 59. Kf6
Kh7 60. Kg5 Kg7 61. Nxh5+ Kh7 62. Nf4 Kg7 63. Nd3 Kh7 64. Ne5 Kg7 65. h5 Kh7
66. h6 1-0

[Event "Tradewise Gibraltar ChallWk2"]
[Site "Gibraltar"]
[Date "2018.01.28"]
[Round "2.13"]
[White "Garcia Lopez, Juan Antonio"]
[Black "Bottema, Martin"]
[Result "1/2-1/2"]
[WhiteElo "1959"]
[BlackElo "2114"]
[PlyCount "47"]
[EventDate "2018.01.27"]
[EventType "swiss"]
[EventRounds "5"]
[EventCountry "GGB"]

1. Nf3 Nf6 2. g3 d5 3. c4 e6 4. b3 Be7 5. Bg2 O-O 6. Bb2 b6 7. O-O Bb7 8. d3 c5
9. cxd5 Nxd5 10. Nbd2 Nc6 11. Nc4 Rc8 12. Qd2 Ba8 13. Rfd1 Bf6 14. e4 Nc7 15.
Bxf6 Qxf6 16. d4 cxd4 17. e5 Qe7 18. Nxd4 Nxd4 19. Qxd4 Bxg2 20. Kxg2 Nd5 21.
Rac1 Qb4 22. Qb2 Qe7 23. Nd6 Rxc1 24. Qxc1 1/2-1/2

[Event "Tradewise Gibraltar ChallWk2"]
[Site "Gibraltar"]
[Date "2018.01.28"]
[Round "2.14"]
[White "Khoo-Thwe, Louis"]
[Black "Elomari, Anas"]
[Result "0-1"]
[WhiteElo "1724"]
[BlackElo "2100"]
[PlyCount "80"]
[EventDate "2018.01.27"]
[EventType "swiss"]
[EventRounds "5"]
[EventCountry "GGB"]

1. e4 e6 2. d4 d5 3. Nc3 Bb4 4. e5 Ne7 5. f4 b6 6. a3 Bxc3+ 7. bxc3 Ba6 8. Bxa6
Nxa6 9. Nf3 c5 10. Qd3 Nb8 11. Be3 cxd4 12. cxd4 Nbc6 13. O-O Rc8 14. Bf2 Qc7
15. Bh4 Na5 16. Qb5+ Qc6 17. Qb4 Nf5 18. Rac1 h5 19. Bg5 Qc4 20. c3 Qxb4 21.
cxb4 Nc4 22. a4 Kd7 23. h3 Nce3 24. Rxc8 Rxc8 25. Rb1 Rc2 26. Ne1 Ra2 27. Rb3
Rxa4 28. Kf2 Ra2+ 29. Kf3 Nxg2 30. Rb1 Nxe1+ 31. Rxe1 Nxd4+ 32. Kg3 Nf5+ 33.
Kf3 Ra3+ 34. Kg2 a6 35. Rb1 d4 36. b5 a5 37. Rb2 a4 38. h4 Rb3 39. Ra2 a3 40.
Kf1 Rb1+ 0-1

[Event "Tradewise Gibraltar ChallWk2"]
[Site "Gibraltar"]
[Date "2018.01.28"]
[Round "2.15"]
[White "Allor, Chukwuka"]
[Black "Sandhya, Goli"]
[Result "1-0"]
[WhiteElo "2099"]
[BlackElo "1934"]
[PlyCount "77"]
[EventDate "2018.01.27"]
[EventType "swiss"]
[EventRounds "5"]
[EventCountry "GGB"]

1. g3 Nf6 2. Bg2 d5 3. Nf3 e6 4. O-O Be7 5. c4 O-O 6. b3 c5 7. Bb2 Nc6 8. e3 b6
9. d4 Bb7 10. Nbd2 Rc8 11. Qe2 Qc7 12. Rac1 dxc4 13. dxc5 cxb3 14. Nxb3 Ne4 15.
cxb6 Qxb6 16. Rfd1 Bf6 17. Bxf6 Nxf6 18. Nc5 Ba8 19. Qe1 Nb4 20. a3 Nbd5 21.
Nd3 Qb3 22. Nd4 Qxa3 23. Ra1 Qe7 24. Nb5 Qd7 25. Qa5 Rc2 26. e4 a6 27. Na3 Nc3
28. Nxc2 Nxd1 29. Rxd1 Nxe4 30. Ne3 Qc8 31. Rc1 Qd7 32. Nc5 Nxc5 33. Qxc5 h6
34. Bxa8 Rxa8 35. Ra1 Qd2 36. Qc6 Rb8 37. Qxa6 Rb2 38. Qa8+ Kh7 39. Qf3 1-0

[Event "Tradewise Gibraltar ChallWk2"]
[Site "Gibraltar"]
[Date "2018.01.28"]
[Round "2.16"]
[White "Kvisla, Johannes Luangtep"]
[Black "Hamer, Martyn"]
[Result "1-0"]
[WhiteElo "2234"]
[BlackElo "2020"]
[PlyCount "143"]
[EventDate "2018.01.27"]
[EventType "swiss"]
[EventRounds "5"]
[EventCountry "GGB"]

1. e4 e5 2. Nf3 Nc6 3. d3 Nf6 4. Nbd2 Bc5 5. c3 O-O 6. b4 Bb6 7. Be2 d6 8. O-O
Ne7 9. Nc4 Ng6 10. a4 c6 11. Nxb6 axb6 12. Be3 d5 13. exd5 Nxd5 14. Qd2 Nxe3
15. fxe3 Be6 16. c4 f6 17. Qc3 Re8 18. Rfd1 Qc7 19. Ra3 Bf7 20. Ne1 c5 21. bxc5
bxc5 22. a5 Ra7 23. Rb1 Ne7 24. Bf3 Nc6 25. Bxc6 Qxc6 26. Rb6 Qc7 27. e4 Rea8
28. Nc2 Be8 29. Rb1 Bc6 30. Rba1 Qd8 31. Qe1 Ra6 32. Qf2 Qd6 33. h3 h6 34. Kh2
Qe7 35. Qg3 Qd8 36. Ne3 Kh8 37. Nf5 Qf8 38. Nh4 Kg8 39. Nf5 Kh7 40. Qh4 b6 41.
Rf1 Be8 42. Rb3 bxa5 43. Rb7 Bf7 44. Ra1 a4 45. Ra3 Rb8 46. Rxb8 Qxb8 47. Qf2
Qb4 48. Qa2 Be8 49. Ne3 Qe1 50. Nd5 Ra7 51. Qb2 Qa5 52. Qb8 Bc6 53. Ne3 Rb7 54.
Qc8 Qc7 55. Qf5+ Kh8 56. Nd5 Qd7 57. Qf2 Rb3 58. Qxc5 Rxa3 59. Qxa3 Bxd5 60.
exd5 Qf5 61. d6 Qf4+ 62. Kg1 Qd4+ 63. Kh1 Qf2 64. c5 Qf1+ 65. Kh2 Qf4+ 66. Kg1
Qd4+ 67. Kh1 e4 68. dxe4 Qxe4 69. d7 Qb1+ 70. Kh2 Qb8+ 71. Qg3 Qd8 72. c6 1-0

[Event "Tradewise Gibraltar ChallWk2"]
[Site "Gibraltar"]
[Date "2018.01.28"]
[Round "2.17"]
[White "Broekman, Willem"]
[Black "Galvan, Jesus"]
[Result "0-1"]
[WhiteElo "2006"]
[BlackElo "2223"]
[PlyCount "100"]
[EventDate "2018.01.27"]
[EventType "swiss"]
[EventRounds "5"]
[EventCountry "GGB"]

1. d4 d6 2. c4 f5 3. e4 fxe4 4. Nc3 Nf6 5. Bg5 Nc6 6. Qd2 g6 7. O-O-O Bg7 8. d5
Ne5 9. Bxf6 exf6 10. Nxe4 O-O 11. Be2 f5 12. Ng5 Qf6 13. f4 Ng4 14. Bd3 b5 15.
cxb5 a6 16. h3 Nh6 17. N1f3 axb5 18. Bb1 Ra4 19. b3 Ra5 20. Rhe1 b4 21. Qd4
Qxd4 22. Nxd4 Rxd5 23. Nde6 Rxd1+ 24. Kxd1 Bxe6 25. Nxe6 Rc8 26. Bd3 Bc3 27.
Re2 c6 28. Ba6 Rb8 29. Kc2 Bf6 30. Kd3 Kf7 31. Bc4 d5 32. Ba6 Re8 33. Nc5 Rxe2
34. Kxe2 Ke7 35. Kf3 Bd4 36. Nd3 c5 37. g4 Kd6 38. Bc8 Bc3 39. gxf5 Nxf5 40.
Bxf5 gxf5 41. Ke3 c4 42. Nf2 Bf6 43. Kf3 Kc5 44. Ke2 Kd4 45. Nd1 c3 46. Nf2 Be7
47. Nd3 Ke4 48. h4 h5 49. Ne5 Bd6 50. Nd3 d4 0-1

[Event "Tradewise Gibraltar ChallWk2"]
[Site "Gibraltar"]
[Date "2018.01.28"]
[Round "2.18"]
[White "Richards, Heather S"]
[Black "Maric, Boris"]
[Result "1-0"]
[WhiteElo "2223"]
[BlackElo "2034"]
[PlyCount "141"]
[EventDate "2018.01.27"]
[EventType "swiss"]
[EventRounds "5"]
[EventCountry "GGB"]

1. e4 c5 2. c3 Nf6 3. e5 Nd5 4. Nf3 e6 5. d4 cxd4 6. cxd4 d6 7. a3 Nc6 8. Bd3
dxe5 9. dxe5 g6 10. O-O Bg7 11. Re1 O-O 12. h4 f6 13. h5 gxh5 14. Qc2 f5 15.
Nc3 Nxc3 16. Qxc3 Bd7 17. Bf4 Rc8 18. Qb3 Na5 19. Qd1 Nc4 20. Bg5 Qe8 21. Qb3
b5 22. Rac1 Bc6 23. Bxc4 bxc4 24. Qe3 Bd5 25. Rc3 Rb8 26. Re2 Rf7 27. Qd4 Rfb7
28. Nh4 Rxb2 29. Rxb2 Rxb2 30. Rg3 Rb3 31. f3 Kf8 32. Qc5+ Kf7 33. Qc7+ Kf8 34.
Qc5+ Kf7 35. Qc7+ Kf8 36. Bf6 Bxf6 37. exf6 Rb7 38. Qd6+ Kf7 39. Nxf5 Kxf6 40.
Ne3 Bc6 41. Qf4+ Ke7 42. Rg7+ Kd8 43. Rxb7 Bxb7 44. Qb8+ Bc8 45. Qxa7 Qc6 46.
Qd4+ Kc7 47. Qxc4 Qxc4 48. Nxc4 Kc6 49. Kf2 Kc5 50. Nd2 Kd4 51. Ne4 h6 52. Kg3
Ke5 53. Kh4 Bb7 54. Nd2 Kf4 55. a4 Ke3 56. Nc4+ Kf2 57. Kh3 Ba6 58. Nd6 Bf1 59.
Ne4+ Ke3 60. a5 h4 61. Nc5 Kf2 62. Ne4+ Kg1 63. Kxh4 Kxg2 64. f4 Kf3 65. Nd2+
Kxf4 66. Nxf1 Ke5 67. Ne3 Kd6 68. Kh5 Kc5 69. Kxh6 Kb5 70. Nc4 e5 71. Kg5 1-0

[Event "Tradewise Gibraltar ChallWk2"]
[Site "Gibraltar"]
[Date "2018.01.28"]
[Round "2.19"]
[White "Van Zyl-Rudd, Jack"]
[Black "Burke, Mitchell R"]
[Result "1-0"]
[WhiteElo "2197"]
[BlackElo "1989"]
[PlyCount "113"]
[EventDate "2018.01.27"]
[EventType "swiss"]
[EventRounds "5"]
[EventCountry "GGB"]

1. d4 Nf6 2. c4 g6 3. Nc3 Bg7 4. Nf3 O-O 5. Bg5 d6 6. e3 Nbd7 7. Be2 c6 8. O-O
h6 9. Bh4 e5 10. dxe5 dxe5 11. Qc2 Qc7 12. Nd2 Nh7 13. Rad1 f5 14. f3 Ndf6 15.
c5 Be6 16. Bc4 Qf7 17. Qb3 Bxc4 18. Nxc4 g5 19. Bf2 g4 20. Nxe5 Qxb3 21. axb3
Ne4 22. fxe4 Bxe5 23. Bg3 Bxg3 24. hxg3 fxe4 25. Nxe4 Rae8 26. Rxf8+ Kxf8 27.
Rf1+ Kg7 28. Nd6 Re6 29. Ra1 a6 30. Nxb7 Rxe3 31. Rxa6 Rxb3 32. Rb6 Rxg3 33.
Rxc6 Nf6 34. Rc7+ Kg6 35. Na5 Ne4 36. c6 Re3 37. Kf1 Ng3+ 38. Kf2 Nf5 39. Rd7
g3+ 40. Kf1 Re5 41. Nc4 Rc5 42. b3 Kf6 43. c7 Ke6 44. Rh7 Ne7 45. Rxe7+ Kxe7
46. Nb6 Rxc7 47. Nd5+ Kd6 48. Nxc7 Kxc7 49. Ke2 Kc6 50. Kf3 Kb5 51. Kxg3 Kb4
52. Kh4 Kxb3 53. Kh5 Kc4 54. Kxh6 Kd5 55. g4 Ke6 56. g5 Kf7 57. Kh7 1-0

[Event "Tradewise Gibraltar ChallWk2"]
[Site "Gibraltar"]
[Date "2018.01.28"]
[Round "2.20"]
[White "Ungureanu, Sandu"]
[Black "Dolzhikova, Olga"]
[Result "1/2-1/2"]
[WhiteElo "2033"]
[BlackElo "2187"]
[PlyCount "106"]
[EventDate "2018.01.27"]
[EventType "swiss"]
[EventRounds "5"]
[EventCountry "GGB"]

1. d4 Nf6 2. c4 e6 3. Nc3 Bb4 4. Bd2 b6 5. a3 Be7 6. e4 Bb7 7. Bd3 d5 8. cxd5
exd5 9. Nxd5 Nxd5 10. exd5 Qxd5 11. Nf3 O-O 12. O-O Nc6 13. Bc3 Bf6 14. Qc2
Nxd4 15. Bxd4 Bxd4 16. Bxh7+ Kh8 17. Rad1 c5 18. Rfe1 Rae8 19. Rxe8 Rxe8 20.
Bd3 Rd8 21. Be2 Kg8 22. Kf1 Qc6 23. a4 Bf6 24. Rxd8+ Bxd8 25. b3 Bf6 26. Bc4
Qd7 27. Qd3 Qxd3+ 28. Bxd3 Kf8 29. Bc4 Ke7 30. Ke2 Bb2 31. h4 Bc8 32. g3 Bg4
33. Ke3 Bc1+ 34. Nd2 f6 35. Kd3 Bf5+ 36. Ke2 Kd6 37. f4 Kc6 38. Nf1 Bc8 39. Ne3
a6 40. Bd5+ Kd6 41. Bc4 Kc6 42. Bd5+ Kd6 43. Bc4 Kc6 44. h5 b5 45. axb5+ axb5
46. Bf7 Bxe3 47. Kxe3 Bg4 48. Ke4 Kd6 49. Be8 c4 50. bxc4 bxc4 51. Kd4 Ke7 52.
Bb5 Bxh5 53. Bxc4 Bg6 1/2-1/2